Party Secretaries of Shanghai - Statistics

General Stats
  • This quiz has been taken 4 times
  • The average score is 14 of 19
Answer Stats
Picture Hint Answer % Correct
1950-1954 Chen Yi
100%
1987-1989 Jiang Zemin
100%
1954-1965 Ke Qingshi
100%
2017-2022 Li Qiang
100%
1991-1994 Wu Bangguo
100%
2007 Xi Jinping
100%
1989-1991 Zhu Rongji
100%
2022- Chen Jining
67%
2002-2006 Chen Liangyu
67%
1965-1967 Chen Pixian
67%
2006-2007 | 2012-2017 Han Zheng
67%
1994-2002 Huang Ju
67%
1949-1950 Rao Shushi
67%
1976-1979 Su Zhenhua
67%
2007-2012 Yu Zhengsheng
67%
1971-1976 Zhang Chunqiao
67%
1980-1985 Chen Guodong
33%
1979-1980 Peng Chong
33%
1985-1987 Rui Xingwen
33%
No matching quizzes found
Score Distribution
Percent of People with Each Score
Percentile by Number Answered
Your Score History
You have not taken this quiz